000 00463nam a22001577a 4500
005 20251108171210.0
008 250721s1990 xx 000 0 ara d
082 1 4 _a210.4128/سلا
100 1 _aالسقا، سلامة
245 1 0 _aالإنسان :
_bرؤية إسلامية طبية /
264 1 _aبيروت :
_bمؤسسة الرسالة،
_c1990.
300 _a233ص
650 1 7 _aالإسلام و الإنسان
942 _2ddc
_cBK
999 _c59109
_d59109